[Event "Veneto-ch qf 63rd"]
[Site "Arqua Petrarca"]
[Date "2003.05.04"]
[Round "3.30"]
[White "Alessi, Giovanni"]
[Black "Gatti, Paolo"]
[Result "1-0"]
[WhiteElo "1500"]
[BlackElo "1512"]
[PlyCount "95"]
[EventDate "2003.05.03"]
[EventType "swiss"]
[EventRounds "6"]
[EventCountry "ITA"]
[SourceTitle "EXT 2024"]
[Source "ChessBase"]
[SourceDate "2023.10.10"]
[SourceVersion "1"]
[SourceVersionDate "2023.10.10"]
[SourceQuality "1"]

1. e4 c5 2. g3 d6 3. Bg2 Nf6 4. Nc3 e5 5. d3 h6 6. Nf3 Be7 7. Bd2 a6 8. 0-0 Bg4 9. a4 Nc6 10. Qc1 Qd7 11. Nd5 Nxd5 12. exd5 Nd4 13. Nxd4 cxd4 14. c4 dxc3 15. Bxc3 Bg5 16. f4 Bf6 17. fxe5 Bxe5 18. Re1 0-0 19. Bxe5 dxe5 20. Rxe5 Rac8 21. Qe3 Rfe8 22. Re1 Kf8 23. Rxe8+ Qxe8 24. Qxe8+ Rxe8 25. Rxe8+ Kxe8 26. Kf2 b6 27. b4 a5 28. bxa5 bxa5 29. Bf3 Bd7 30. Bd1 Ke7 31. Ke3 Kd6 32. Kd4 g6 33. h4 h5 34. Bb3 f6 35. Kc4 g5 36. Kd4 Be8 37. Ke3 Bf7 38. Ke4 Bg6+ 39. Kd4 gxh4 40. gxh4 Bf7 41. Bc4 Be8 42. Bb5 Bf7 43. Bc6 f5 44. Ke3 Ke5 45. d4+ Kd6 46. Kf4 Bxd5 47. Bxd5 Kxd5 48. Kxf5 1-0

[Event "Veneto-ch qf 63rd"]
[Site "Arqua Petrarca"]
[Date "2003.05.03"]
[Round "1.24"]
[White "Bettera, Roberto"]
[Black "Gatti, Paolo"]
[Result "1-0"]
[WhiteElo "1726"]
[BlackElo "1512"]
[PlyCount "69"]
[EventDate "2003.05.03"]
[EventType "swiss"]
[EventRounds "6"]
[EventCountry "ITA"]
[SourceTitle "EXT 2024"]
[Source "ChessBase"]
[SourceDate "2023.10.10"]
[SourceVersion "1"]
[SourceVersionDate "2023.10.10"]
[SourceQuality "1"]

1. d4 e6 2. c4 Nf6 3. Nf3 b6 4. a3 Bb7 5. Nc3 d6 6. g3 g6 7. Bg2 Nbd7 8. 0-0 Bg7 9. Qc2 0-0 10. Bg5 h6 11. Bd2 Rb8 12. e4 e5 13. d5 c5 14. dxc6 Bxc6 15. Rad1 Nc5 16. Nh4 Qe7 17. b4 Ne6 18. Be3 b5 19. c5 dxc5 20. bxc5 Ng4 21. Nd5 Qb7 22. h3 Nxe3 23. fxe3 a5 24. Rb1 Qa7 25. Rfc1 Rfc8 26. Nb6 Rd8 27. Nf3 f6 28. Bf1 Bxe4 29. Qxe4 Nxc5 30. Rxc5 Rxb6 31. Rbxb5 f5 32. Qc4+ Kh7 33. Rc7 Rc6 34. Rxa7 Rxc4 35. Rbb7 1-0